|
|
|
|
| LEADER |
01313nam a2200301 a 4500 |
| 001 |
691320 |
| 008 |
091112s1996 dcuab b i000 0 eng d |
| 010 |
|
|
|a 96032298
|
| 020 |
|
|
|a 0821337262
|
| 040 |
|
|
|a DLC
|c DLC
|d DLC
|
| 082 |
0 |
0 |
|a 338.095492
|2 20
|
| 100 |
1 |
|
|a Yusuf, Shahid,
|d 1949-
|
| 245 |
1 |
0 |
|a Developing the nonfarm sector in Bangladesh :
|b lessons from other Asian countries /
|c Shahid Yusuf, Praveen Kumar.
|
| 260 |
|
|
|a Washington, D.C. :
|b World Bank,
|c 1996.
|
| 300 |
|
|
|a xviii, 95 p. :
|b ill., map ;
|c 28 cm.
|
| 490 |
1 |
|
|a World Bank discussion paper ;
|v no. 340
|
| 504 |
|
|
|a Includes bibliographical references (p. 88-95).
|
| 541 |
1 |
|
|e 00006169
|
| 650 |
|
0 |
|a Rural industries
|z Bangladesh.
|
| 650 |
|
0 |
|a Economic forecasting
|z Bangladesh.
|
| 651 |
|
0 |
|a Bangladesh
|x Economic conditions.
|
| 651 |
|
0 |
|a East Asia
|x Economic conditions.
|
| 700 |
1 |
|
|a Kumar, Praveen,
|d 1960-
|
| 830 |
|
0 |
|a World Bank discussion papers ;
|v 340.
|
| 852 |
4 |
|
|a Ayesha Abed Library
|j General Shelf
|
| 999 |
|
|
|c 7451
|d 7451
|
| 952 |
|
|
|0 0
|1 0
|2 ddc
|4 0
|6 338_095492000000000_YUS_1996
|7 0
|9 7989
|a BRACUL
|b BRACUL
|c GEN
|d 2010-02-10
|l 0
|o 338.095492 YUS
|p 3010006169
|r 2010-02-10
|t 1
|w 2010-02-10
|y BK
|
| 952 |
|
|
|0 0
|1 0
|2 ddc
|4 0
|6 338_095492000000000_YUS
|7 0
|9 53476
|a SCL
|b SCL
|c GEN
|d 2015-04-16
|l 0
|o 338.095492 YUS
|p 3020000633
|r 2015-04-16
|t 2
|w 2015-04-16
|y BK
|